| 000 | 00727nam a2200241 a 4500 | ||
|---|---|---|---|
| 001 | 15582 | ||
| 003 | BD-RjUL | ||
| 005 | 20211208235840.0 | ||
| 008 | 161204r19651956mnua 001 0 eng | ||
| 035 | _a(BD-RjUL)15637 | ||
| 035 | _a(OCoLC)356520 | ||
| 040 |
_aDLC _cOClU _dOCoLC _dDLC _dBD-RjUL _beng |
||
| 041 | _aeng | ||
| 082 |
_223 _a658.04 _bURP 1965 |
||
| 100 | 1 |
_aUrwick, Lyndall F. _q(Lyndall Fownes), _d1891-1983. _921985 |
|
| 245 | 1 | 4 |
_aThe pattern of management / _cLyndall F. Urwick |
| 260 |
_aMinneapolis : _bUniversity of Minnesota Press, _cc1956, [reprinted 1965] |
||
| 300 |
_a100 p. : _billus. ; _c23 cm. |
||
| 504 | _aIncludes index. | ||
| 650 | 0 |
_aManagement. _948373 |
|
| 942 |
_2ddc _cBK |
||
| 999 |
_c15582 _d15582 |
||